000 00951nam a22002297a 4500
003 UA-OsUOA
001 43870
007 ta
008 20091113b un ||||| |||| 00| 0 ukr d
090 _a09.-392
_bН73
942 _cBK
040 _aUA-OsUOA
_bukr
_cUA-OsUOA
_dUA-OsUOA
245 _aНовий український сонник
_bЗ льотерійними числами для любителів ріжнородних ігор. Уложений після: незнаних жерел Єврейських, Єгипетських, Індійських, Перських і Вавилонських Мудрців
300 _a136 с.
955 _a4
041 _aukr
080 _a09.-392
260 _aВінніпег
246 3 1 _aЗ додатком "Премудрий Соломон". Старим для розради - молодим для забави
650 7 _a0 Загальний відділ.
_2UDC
999 _c423724
_d423724